[Event "Pula op"]
[Site "Pula"]
[Date "1990.??.??"]
[Round "4"]
[White "Kachiani Gersinska, Ketino"]
[Black "Petronijevic, Zoran"]
[Result "1/2-1/2"]
[WhiteElo "2365"]
[BlackElo "2310"]

1.d4 Nf6 2.c4 e6 3.g3 d5 4.Nf3 Be7 5.Bg2 O-O 6.O-O dxc4 7.Qc2 a6 8.a4 Bd7
9.Qxc4 Bc6 10.Bf4 a5 11.Nc3 Na6 12.Rae1 Bxf3 13.Bxf3 c6 14.Rd1 Nb4 15.e4 Rc8
16.Rd2 Qd7 17.Rfd1 Rfd8 18.h4 Qe8 19.h5 Nd7 20.Qf1 Nf8 21.Qh3 Rd7 22.Qg4 Rcd8
23.Bh6 g6 24.e5 Nd5 25.Bg5 Bxg5 26.Qxg5 Nxc3 27.bxc3 Qe7 28.Qxe7 Rxe7 29.h6 Rc7
30.Rb2 Nd7 31.Be2 Kf8 32.f4 Ke7 33.Kf2 Rb8 34.c4 b6 35.Ke3 Rd8 36.g4 Rf8
37.g5 Rb8 38.Kf2 Rcc8 39.Rbd2 Rd8 40.Kf3 Rbc8 41.Kg4 Nb8 42.Rb2 Nd7 43.Bf3 Rc7
44.Kg3 Rb8 45.Rd3 Rd8 46.d5 cxd5 47.cxd5 exd5 48.Rxd5 Rb8 49.Rd6 Rc4 50.Bc6 Nc5
51.Rbd2 Rc8 52.Bd5 Rc3+ 53.Kg4 Nxa4 54.Rf6 Rf8 55.e6 Re3 56.exf7 Nc5 57.Rxb6 Rd8
58.Rd4 Nd3 59.f5 gxf5+ 60.Kh4 Ne5 61.Re6+ Kf8 62.Re8+ Rxe8 63.fxe8=Q+ Kxe8
64.g6 Nxg6+ 65.Kg5 Ne7 66.Bc4 Rg3+ 67.Kh5 Ng6 68.Be6 f4 69.Bg8  1/2-1/2

[Event "Pula op"]
[Site "Pula"]
[Date "1990.??.??"]
[Round "5"]
[White "Rukavina, Josip"]
[Black "Magomedov, Magaram"]
[Result "0-1"]
[WhiteElo "2440"]
[BlackElo "2360"]

1.Nf3 d5 2.c4 e6 3.g3 Nf6 4.Bg2 Be7 5.d4 O-O 6.O-O c5 7.cxd5 exd5 8.dxc5 Bxc5
9.Nd4 Nc6 10.Nxc6 bxc6 11.Nc3 Bf5 12.Na4 Bb6 13.b3 Re8 14.Bb2 Bg4 15.Re1 Ba5
16.Bc3 Bxc3 17.Nxc3 Qa5 18.Qd3 Rad8 19.Rac1 Qa3 20.e3 Nd7 21.f4 g6 22.Na4 Bf5
23.Qd2 Re6 24.Bf3 h5 25.Qa5 Rde8 26.Qd2 Qe7 27.Kf2 Be4 28.Qc3 Bxf3 29.Kxf3 Re4
30.Rcd1 Nf6 31.h3 d4 32.Rxd4 Nd5 33.Qd3 f5 34.Kf2 Rxe3 35.Rxe3 Nxe3 36.Qd2 c5
37.Rd7 Qe4 38.Kg1 Qb1+  0-1

[Event "Pula tt2"]
[Site "Pula"]
[Date "1990.??.??"]
[Round "6"]
[White "Covic, Darko"]
[Black "Popov, Stevan"]
[Result "1/2-1/2"]
[WhiteElo "2375"]
[BlackElo "2345"]

1.d4 Nf6 2.c4 e6 3.g3 d5 4.Bg2 Be7 5.Nf3 O-O 6.O-O c6 7.Nc3 Nbd7 8.b3 b6
9.Bb2 Bb7 10.Qc2 Rc8 11.e4 dxe4 12.Nxe4 Qc7 13.Rad1 Rfd8 14.Rfe1 Nxe4 15.Qxe4 Bf6
16.Rd2 c5 17.Qe2 cxd4 18.Nxd4 Bxg2 19.Kxg2 Qb7+ 20.f3 Nc5 21.Red1 Bg5 22.Rc2 Bf6
23.Nb5 Bxb2 24.Rxb2 Rxd1 25.Qxd1 Qb8 26.Rd2 h6 27.Nd6 Rd8 28.b4 Nb7 29.Nxb7 Rxd2+
30.Qxd2 Qxb7 31.Qd8+ Kh7 32.Qd3+ Kg8 33.Qd8+ Kh7 34.Qd3+ Kg8 35.c5 bxc5 36.bxc5 Qb2+
37.Kh3 Qc1 38.Qb5 Kh7 39.c6 e5 40.Qxe5 Qxc6  1/2-1/2

[Event "Pula tt2"]
[Site "Pula"]
[Date "1990.??.??"]
[Round "8"]
[White "Nikolic, Nebojsa"]
[Black "Bojic, Dusan"]
[Result "1-0"]
[WhiteElo "2390"]
[BlackElo "2300"]

1.d4 Nf6 2.c4 e6 3.g3 d5 4.Bg2 Be7 5.Nf3 O-O 6.O-O a6 7.Nbd2 Nc6 8.b3 b6
9.Bb2 Bb7 10.Rc1 Ne4 11.Nxe4 dxe4 12.Ne1 f5 13.f3 Bf6 14.e3 Bg5 15.Qe2 Ne7
16.fxe4 fxe4 17.Rxf8+ Qxf8 18.Bh3 Nf5 19.Ng2 g6 20.Rf1 Qh6 21.Bg4 Re8 22.Nf4 Bf6
23.d5 Bxb2 24.Bxf5 gxf5 25.Qxb2 e5 26.Ne6 Qxe3+ 27.Kg2 Rxe6 28.dxe6 f4 29.gxf4 exf4
30.Kh1  1-0

[Event "Rome op"]
[Site "Rome"]
[Date "1990.??.??"]
[Round "4"]
[White "Razuvaev, Yuri S"]
[Black "Flear, Glenn C"]
[Result "1-0"]
[WhiteElo "2545"]
[BlackElo "2470"]

1.d4 d5 2.c4 e6 3.Nf3 Nf6 4.g3 Be7 5.Bg2 O-O 6.O-O dxc4 7.Qc2 a6 8.a4 Bd7
9.Qxc4 Bc6 10.Bg5 Nbd7 11.Nc3 a5 12.Rfe1 Nb6 13.Qd3 Nfd5 14.Bxe7 Qxe7 15.Ne5 Be8
16.Nxd5 exd5 17.Qb3 Qd6 18.e4 dxe4 19.Bxe4 Qxd4 20.Qc2 g6 21.Bxb7 Rb8 22.Re4 Qd6
23.Bc6 Rd8 24.Bxe8 Rfxe8 25.Nc6 Rxe4 26.Qxe4 Ra8 27.Re1 Kg7 28.b3 Nd7 29.Qc4 Qc5
30.Rc1 Qxc4 31.Rxc4 Ra6 32.Kf1 Nf8 33.Ke2 Ne6 34.Kd3 Kf8 35.Ke4 Ke8 36.Kd5 Ra8
37.f4 Kd7 38.g4 Nd8 39.Ne5+ Kc8 40.f5 Ra6 41.Nc6 Ra8 42.Nd4 Kd7 43.Ke5 Ra6
44.Nb5 f6+ 45.Ke4 Nc6 46.Rc3 Rb6 47.Rd3+ Kc8 48.Rh3 gxf5+ 49.gxf5 Ne5 50.Rxh7 c6
51.Nd6+ Kb8 52.Rh8+  1-0

[Event "Rome op"]
[Site "Rome"]
[Date "1990.??.??"]
[Round "9"]
[White "Palatnik, Semon"]
[Black "Flear, Glenn C"]
[Result "1/2-1/2"]
[WhiteElo "2440"]
[BlackElo "2470"]

1.c4 e6 2.g3 d5 3.Bg2 Nf6 4.Nf3 Be7 5.d4 O-O 6.O-O c6 7.Qc2 b6 8.Rd1 Bb7
9.b3 Na6 10.Nc3 Qc8 11.Bg5 h6 12.Bxf6 Bxf6 13.e4 Rd8 14.Rac1 Qd7 15.h4 Rac8
16.Kh2 Qe8 17.Qe2 Nc7 18.Qe3 Be7 19.Bh3 Ba6 20.Ne2 dxe4 21.Qxe4 c5 22.Ne5 Bd6
23.Bg2 b5 24.Nc6 Bb7 25.dxc5 Bxc6 26.Qxc6 Qxc6 27.Bxc6 Bxc5 28.Bd7 Rb8 29.cxb5 Bb6
30.Nf4 g5 31.hxg5 hxg5 32.Nh3 Nd5 33.Bc6 Nb4 34.a3 Nd3 35.Rc2 g4 36.Rcd2 Nc5
37.b4 Rxd2 38.Rxd2 gxh3 39.bxc5 Bxc5 40.a4 Bb6 41.Kxh3 Rd8 42.Ra2 Ba5 43.f3 Kf8
44.Kg4 Ke7 45.Kf4 Bd2+ 46.Kg4  1/2-1/2

[Event "Wch Girls U20"]
[Site "Santiago"]
[Date "1990.??.??"]
[Round "?"]
[White "Kachiani Gersinska, Ketino"]
[Black "Marin Ionescu, Luiza"]
[Result "1-0"]
[WhiteElo "2365"]
[BlackElo "2085"]

1.d4 d5 2.c4 e6 3.Nf3 Be7 4.g3 Nf6 5.Bg2 O-O 6.O-O dxc4 7.Qc2 a6 8.a4 Bd7
9.Qxc4 Bc6 10.Bf4 b5 11.Qc2 Nd5 12.Ne5 Nb4 13.Nxc6 N8xc6 14.Qe4 Rc8 15.Rd1 Na5
16.axb5 Nb3 17.Ra3 Nc5 18.Qf3 Nc2 19.Nc3 Nxd4 20.Qe3 axb5 21.Rxd4 Qe8 22.b4 Na4
23.Nxa4 bxa4 24.Rc4 c5 25.bxc5 Qb5 26.Qe4 Bxc5 27.Raxa4 Rfd8 28.Bf3  1-0

[Event "Hungaroil"]
[Site "Siofok"]
[Date "1990.??.??"]
[Round "6"]
[White "Petrosian, Arshak B"]
[Black "Petran, Pal"]
[Result "1/2-1/2"]
[WhiteElo "2500"]
[BlackElo "2410"]

1.Nf3 Nf6 2.c4 e6 3.g3 d5 4.Bg2 Be7 5.d4 O-O 6.Nbd2 b6 7.O-O Bb7 8.b3 c5
9.dxc5 bxc5 10.cxd5 exd5 11.Bb2 Nbd7 12.Qc2 h6 13.Ne5 Nxe5 14.Bxe5 Qb6 15.e4 Nd7
16.Bb2 d4 17.Nc4 Qc7 18.Bc1 Nb6 19.Bf4 Qd7 20.Rfe1 Qe6 21.Na5 Ba6 22.Bf1 Bxf1
23.Kxf1 Rac8 24.Nc4 Rfd8 25.Rad1 Bg5 26.Bxg5 hxg5 27.f3 g6 28.Rc1 d3 29.Qd2 Rd4
30.Ne3 c4 31.bxc4 Nxc4 32.Nxc4 Rdxc4 33.Rxc4 Qxc4 34.Rd1 g4 35.Qxd3 Qxa2
36.Rd2 Qa1+ 37.Kg2 gxf3+ 38.Qxf3 Qe5 39.Qf4 Re8 40.Qxe5 Rxe5  1/2-1/2

[Event "Sion"]
[Site "Sion"]
[Date "1990.??.??"]
[Round "?"]
[White "Streitberg, Petr"]
[Black "Allegro, Valery"]
[Result "0-1"]
[WhiteElo "2275"]
[BlackElo "2350"]

1.d4 d5 2.c4 e6 3.g3 Nf6 4.Bg2 Be7 5.Nf3 O-O 6.O-O Nbd7 7.b3 c6 8.Bb2 b6
9.Qc2 Bb7 10.Nbd2 Rc8 11.e4 c5 12.e5 Ne8 13.cxd5 cxd4 14.Qd3 Bxd5 15.Bxd4 f6
16.exf6 Nexf6 17.Ng5 Bxg2 18.Kxg2 Ne5 19.Qe3 Nfg4 20.Qe4 Bxg5 21.f4 Rc2 22.Rad1 Qa8
23.Qxa8 Rxa8 24.fxg5 Rd8 25.Rf4 Rxd4 26.Rxd4 Ne3+ 27.Kh3 Nxd1 28.Rd8+ Kf7
29.Ne4 Nf2+  0-1

[Event "Sion"]
[Site "Sion"]
[Date "1990.??.??"]
[Round "?"]
[White "Vianin, Pascal"]
[Black "Neckar, Lubomir"]
[Result "0-1"]
[WhiteElo "2210"]
[BlackElo "2340"]

1.d4 d5 2.c4 e6 3.g3 Nf6 4.Bg2 Be7 5.Nf3 O-O 6.O-O b6 7.Qc2 Bb7 8.cxd5 exd5
9.Nc3 Na6 10.Nh4 Re8 11.Nf5 Bf8 12.Bg5 h6 13.Bf4 Ne4 14.h4 Qd7 15.Bh3 Qc6
16.Rac1 Qg6 17.Ne3 Nb4 18.Qd1 c5 19.Bf5 Qf6 20.Be5 Rxe5 21.dxe5 Qxe5 22.Nxe4 dxe4
23.a3 Nd5 24.Nxd5 Qxf5 25.Ne3 Qh3 26.Re1 Be7 27.Nd5 e3 28.Nxe7+ Kf8 29.Nc6 Qe6
30.f3 Qxc6 31.Qd3 Qe6 32.Rcd1 Kg8 33.Qd7 Qe5 34.Qg4 Re8 35.Rd7 Bc6 36.Rd3 Qxb2
37.Qf4 Re6 38.Rxe3 Rxe3 39.Qxe3 c4 40.Qc1 Qe5 41.Kg2 b5 42.Qd2 Kh7 43.Rc1 Bd5
44.Kf2 Be6 45.Rc3 a5 46.Re3 Qc7 47.Qc2+ Kg8 48.Qe4 c3 49.Qa8+ Kh7 50.Qe4+ g6
51.Qc2 b4 52.axb4 axb4 53.h5 b3 54.hxg6+ Kg7 55.Qe4 c2 56.Qd4+ Kxg6 57.Rc3 c1=Q
58.Rxc7 Qxc7 59.Qd3+ Kf6 60.Qd4+ Qe5 61.Qd8+ Kg7  0-1

[Event "Smederevska Palanka m"]
[Site "Smederevska Palanka"]
[Date "1990.??.??"]
[Round "6"]
[White "Kachiani Gersinska, Ketino"]
[Black "Bojkovic, Natasa"]
[Result "1/2-1/2"]
[WhiteElo "2365"]
[BlackElo "2270"]

1.d4 Nf6 2.c4 e6 3.g3 d5 4.Nf3 Be7 5.Bg2 O-O 6.O-O dxc4 7.Qc2 a6 8.a4 Bd7
9.Qxc4 Bc6 10.Bf4 Nbd7 11.Nc3 Rc8 12.Rfe1 Nb6 13.Qb3 a5 14.e4 Bb4 15.Qc2 Qe7
16.Ne5 Rfd8 17.Nxc6 bxc6 18.Rad1 h6 19.Re2 c5 20.d5 e5 21.Bc1 c6 22.f4 exf4
23.Bxf4 cxd5 24.exd5 Qd7 25.Be5 Ng4 26.Bh3 h5 27.d6 c4 28.Nb5 Bc5+ 29.Bd4 Bxd4+
30.Rxd4 Re8 31.Rde4 Rxe4 32.Rxe4 Re8 33.Bg2 Rxe4 34.Qxe4 Nxa4 35.Qxc4 Qe8
36.Be4 Nc5 37.Nc3 Qe5 38.Qd5 Qxd5 39.Bxd5 Kf8 40.Bc6 Ne5 41.Bb5 Nb7 42.Ne4 f5
43.Ba6 Nd8 44.Nc5 Kf7 45.Kf1 Kf6 46.h4 g5 47.hxg5+ Kxg5 48.Nb3 Nec6 49.Be2 f4
50.gxf4+ Kxf4 51.Bxh5 Ke5  1/2-1/2

[Event "Tatran Cup"]
[Site "Stary Smokovec"]
[Date "1990.??.??"]
[Round "11"]
[White "Fominyh, Alexander"]
[Black "Cvetkovic, Srdjan"]
[Result "1/2-1/2"]
[WhiteElo "2530"]
[BlackElo "2430"]

1.d4 Nf6 2.Nf3 d5 3.c4 e6 4.g3 Be7 5.Bg2 O-O 6.O-O dxc4 7.Ne5 Nc6 8.Bxc6 bxc6
9.Nxc6 Qe8 10.Nxe7+ Qxe7 11.Qa4 e5 12.dxe5 Qxe5 13.Qxc4 Be6 14.Qd3 Rab8 15.Nc3 Rfd8
16.Qe3 Qa5  1/2-1/2

[Event "SWZ-GP"]
[Site "?"]
[Date "1990.??.??"]
[Round "2"]
[White "Dizdarevic, Emir"]
[Black "Brunner, Lucas"]
[Result "1-0"]
[WhiteElo "2475"]
[BlackElo "2525"]

1.c4 Nf6 2.g3 e6 3.Bg2 d5 4.d4 Be7 5.Nf3 O-O 6.O-O dxc4 7.Qc2 a6 8.a4 Bd7
9.Qxc4 Bc6 10.Nc3 b5 11.Qd3 b4 12.Nb1 Be4 13.Qd1 c5 14.Nbd2 Bd5 15.dxc5 Nbd7
16.c6 Bxc6 17.Nc4 Nc5 18.Bd2 Rb8 19.a5 Bd5 20.Rc1 Nfe4 21.Bf4 Rb7 22.Nb6 Bf6
23.Be5 Bb3 24.Qd4 Qxd4 25.Bxd4 Nd7 26.Bxf6 Nxb6 27.Ng5 gxf6 28.Nxe4 Nd5 29.Nc5  1-0

[Event "SWZ-GP"]
[Site "?"]
[Date "1990.??.??"]
[Round "9"]
[White "Wirthensohn, Heinz"]
[Black "Huss, Andreas"]
[Result "1-0"]
[WhiteElo "2410"]
[BlackElo "2345"]

1.Nf3 Nf6 2.c4 e6 3.g3 d5 4.Bg2 Be7 5.d4 c6 6.O-O O-O 7.Qc2 b6 8.b3 Nbd7
9.Rd1 Ba6 10.Nbd2 Rc8 11.e4 Qc7 12.e5 Ne8 13.Nf1 Qd8 14.h4 h6 15.Ne3 Nc7
16.Rb1 c5 17.dxc5 Nxc5 18.Nd4 Bb7 19.Qe2 f6 20.cxd5 fxe5 21.Nc6 Bxc6 22.dxc6 Qe8
23.Bb2 e4 24.Ng4 Qg6 25.b4 e3 26.bxc5 exf2+ 27.Kh2 Bxc5 28.Be4 Rf5 29.Rd7 Ne8
30.Rf1 h5 31.Bxf5 exf5 32.Qc4+ Kh7 33.Ne5 Qf6 34.Qe2 f4 35.Qxh5+ Kg8  1-0

[Event "Toulouse op"]
[Site "Toulouse"]
[Date "1990.??.??"]
[Round "5"]
[White "Velikov, Petar"]
[Black "Wells, Peter K"]
[Result "0-1"]
[WhiteElo "2495"]
[BlackElo "2410"]

1.Nf3 Nf6 2.c4 e6 3.g3 d5 4.Bg2 Be7 5.d4 O-O 6.Qc2 c5 7.O-O cxd4 8.Nxd4 Qb6
9.Nb3 Qc7 10.Bd2 b5 11.c5 Nc6 12.Nc3 Ba6 13.Bf4 Qc8 14.a4 bxa4 15.Rxa4 Nd7
16.Be3 Rb8 17.Rfa1 Bc4 18.Nd2 Nb4 19.Qd1 Bxc5 20.Bxc5 Nxc5 21.Rxa7 Ba6 22.Na4 Nxa4
23.Rxa4 Rb6 24.Qa1 Bb7 25.R7a5 Qc2 26.Nf3 Nc6 27.Nd4 Nxd4 28.Rxd4 Rxb2 29.Rd1 Qxe2
30.Rf1 Rc8 31.Qa3 h6 32.Ra7 Rc1 33.Qe3 Qxe3 34.fxe3 Rxf1+ 35.Bxf1 g6 36.Ra5 Kg7
37.Rc5 Ra2 38.Rc7 Rb2 39.h3 Rb6 40.g4 Ba6 41.Bg2 Kf6 42.Kf2 Rb2+ 43.Kg3 Rb3
44.Kf2 Rb2+ 45.Kg3 Bd3 46.Rd7 Rb4 47.Ra7 Be4 48.Bf1 Rb3 49.Kf2 Bd3 50.Bg2 Rb2+
51.Kg3 Re2 52.Kf3 e5  0-1

[Event "Tuzla"]
[Site "Tuzla"]
[Date "1990.??.??"]
[Round "11"]
[White "Savchenko, Stanislav"]
[Black "Angelov, Georgi"]
[Result "1-0"]
[WhiteElo "2400"]
[BlackElo "2335"]

1.d4 Nf6 2.c4 e6 3.Nf3 d5 4.g3 Be7 5.Bg2 O-O 6.O-O dxc4 7.Qc2 a6 8.Qxc4 b5
9.Qc2 Bb7 10.Bg5 Nbd7 11.Bxf6 Nxf6 12.Nbd2 Rc8 13.Nb3 Be4 14.Qc3 Nd5 15.Qd2 c5
16.dxc5 Bxc5 17.Nxc5 Rxc5 18.Rac1 Rxc1 19.Rxc1 Qa8 20.Qd4 Nf6 21.Rc7 h6 22.h3 Qb8
23.Qa7 Qd8 24.Rc1 Qd6 25.Qd4 Qxd4 26.Nxd4 Rd8 27.Nb3 g6 28.Bxe4 Nxe4 29.Kg2 Kg7
30.f3 Nd6 31.Nc5 Nc4 32.Nd3 Rd6 33.Kf2 Kf6 34.b3 Ne5 35.Nc5 Ke7 36.f4 Nd7
37.Ne4 Rd5 38.Ke3 f5 39.Nd2 Rc5 40.Rxc5 Nxc5 41.Kd4 Kd6 42.e4 Nd7 43.Nf3 fxe4
44.Kxe4 Nf6+ 45.Ke3 Kd5 46.g4 Ne4 47.Ne5 g5 48.Nf7 gxf4+ 49.Kxf4 Ng5 50.Nxh6 Nxh3+
51.Kg3 Ng5 52.Kh4 Nf3+ 53.Kh5 Kd4 54.g5 Nxg5 55.Kxg5 Kc3 56.Nf7 b4 57.Ne5 Kb2
58.Nc4+ Kxa2 59.Na5 Kb2 60.Kf6 Kc3 61.Kxe6 Kd4 62.Kd6  1-0

[Event "Vienna op"]
[Site "Vienna"]
[Date "1990.??.??"]
[Round "5"]
[White "Fauland, Alexander"]
[Black "Ciolac, Gheorghe"]
[Result "0-1"]
[WhiteElo "2455"]
[BlackElo "2340"]

1.d4 Nf6 2.c4 e6 3.Nf3 d5 4.g3 Be7 5.Bg2 O-O 6.O-O dxc4 7.Qc2 a6 8.a4 Bd7
9.Qxc4 Bc6 10.Nc3 b5 11.Qd3 b4 12.Nb1 Be4 13.Qd1 c5 14.Nbd2 Bd5 15.dxc5 Nbd7
16.Nb3 Rc8 17.c6 Rxc6 18.Nfd4 Bxg2 19.Kxg2 Rd6 20.Bd2 Qa8+ 21.f3 Ne5 22.Qe1 Nc6
23.Nc2 a5 24.Ne3 Ne5 25.Rc1 Nfd7 26.Rc2 h6 27.Qc1 Nb6 28.Rd1 Rfd8 29.Nc5 Bg5
30.Re1 Rxd2 31.Rxd2 Rxd2 32.Qxd2 Nbc4 33.Nxc4 Bxd2 34.Nxd2 Qd5 35.Ndb3 Nd7  0-1

[Event "Voskresensk"]
[Site "Voskresensk"]
[Date "1990.??.??"]
[Round "?"]
[White "Ulibin, Mikhail"]
[Black "Naumkin, Igor"]
[Result "0-1"]
[WhiteElo "2500"]
[BlackElo "2455"]

1.d4 Nf6 2.c4 e6 3.g3 d5 4.Bg2 Be7 5.Nf3 O-O 6.O-O dxc4 7.Nc3 Nc6 8.e3 Rb8
9.Qa4 Nb4 10.Qxa7 Bd7 11.Ne5 Nfd5 12.Qxb8 Qxb8 13.Nxd7 Qa7 14.Nxf8 Bxf8 15.Nxd5 exd5
16.Bd2 c6 17.a3 Nd3 18.Bc3 b6 19.Rfd1 Qd7 20.e4 h5 21.a4 h4 22.exd5 cxd5
23.a5 bxa5 24.Rxa5 Qg4 25.Rf1 Nf4 26.f3 Ne2+ 27.Kf2 Qg6 28.Kxe2 Qc2+ 29.Ke3 hxg3
30.hxg3 Qxg2 31.Rf2 Qxg3 32.Rxd5 Be7 33.Rf1 Qg2 34.Rf2 Qg1 35.Rh5 Bd6 36.Rh3 Bf4+
37.Ke2 Bg3 38.Rxg3 Qxg3 39.Bd2 f6 40.Be3 Qg6 41.Kf1 Qb1+ 42.Kg2 Qd3 43.Bd2 Qxd4
44.Bc3 Qd5 45.Re2 Kf7 46.Re4 g5 47.Rd4 Qc6 48.Kg3 f5 49.Kf2 Kg6 50.Rd8 Qb6+
51.Rd4 Qc5 52.Kf1 Qc7 53.Rd2 Qf4 54.Rf2 Qg3 55.Bd2 Qh3+ 56.Kg1 Qh8 57.Bc3 Qd8
58.Kg2 Qa8 59.Kg1 Qb7 60.Kh2 Qc7+ 61.Kg1 Qg3+ 62.Kf1 Kh5 63.Be1 Qe5 64.Re2 Qf4
65.Kg2 Qd6 66.Rf2 Qd1 67.Kf1 Qd3+ 68.Kg1 Qe3 69.Kf1 Kg6 70.Bc3 Qd3+ 71.Kg1 Kf7
72.Kg2 Qd5 73.Kg1 Kg6 74.Be1 Qd4 75.Bc3 Qh4 76.Kg2 Qh7 77.Re2 Qb7 78.Kg3 Qc7+
79.Kg2 Qc6 80.Kg3 Qd6+ 81.Kg2 Qd5 82.Rd2 Qc6 83.Rf2 g4 84.Be5 Qd5 85.Bf4 Qb7
86.Be5 Kg5 87.Kg3 Qb3 88.Bf4+ Kf6 89.Bd2 Ke6 90.Bc3 Qb8+ 91.Kg2 Qb7 92.Kg3 Qc7+
93.Kg2 Qc6 94.Kg3 Qd6+ 95.Kg2 g3 96.Re2+ Kf7 97.Rd2 Qb8 98.Rd4 f4 99.Rxc4 Qd6
100.Be1 Qh6 101.Bxg3 fxg3 102.Kxg3 Qd6+ 103.Kh3 Qd3 104.Rf4+ Kg6 105.Rg4+ Kf5
106.Kg3 Qd6+ 107.Kh3 Qd1 108.Kg2 Qe2+ 109.Kg3 Qe5+ 110.Kg2 Qxb2+ 111.Kf1 Qc1+
112.Ke2 Qc2+ 113.Ke1 Qd3 114.Kf2 Qd2+ 115.Kf1 Qe3 116.Kg2 Qe2+ 117.Kg3 Qf1
118.Rf4+ Ke5 119.Re4+ Kd5 120.Kg4 Qg2+ 121.Kf4 Qg1 122.Ra4 Qh2+ 123.Ke3 Qg1+
124.Ke2 Qg2+ 125.Ke3 Qf1 126.Re4 Qe1+ 127.Kf4 Qg1 128.Ra4 Ke6 129.Ra6+ Kf7
130.Rc6 Qg8 131.Rb6 Qc8 132.Rb1 Qc2 133.Rb7+ Kg6 134.Kg3 Qc5 135.Kg2 Kf5
136.Rf7+ Ke5 137.Rg7 Kd4  0-1

[Event "Vrnjacka Banja"]
[Site "Vrnjacka Banja"]
[Date "1990.??.??"]
[Round "9"]
[White "Kolev, Atanas"]
[Black "Cvetkovic, Srdjan"]
[Result "1/2-1/2"]
[WhiteElo "2425"]
[BlackElo "2435"]

1.d4 Nf6 2.Nf3 d5 3.c4 e6 4.g3 Be7 5.Bg2 O-O 6.O-O dxc4 7.Qc2 a6 8.a4 Bd7
9.Qxc4 Bc6 10.Bg5 a5 11.Nc3 Nbd7 12.Rfd1 h6 13.Bxf6 Nxf6 14.Rac1 Bb4 15.Nb5 Qe7
16.Ne5  1/2-1/2

[Event "Warsaw Legion op"]
[Site "Warsaw"]
[Date "1990.??.??"]
[Round "?"]
[White "Danailov, Silvio"]
[Black "Spyra, Wojciech"]
[Result "1-0"]
[WhiteElo "2380"]
[BlackElo "2265"]

1.Nf3 Nf6 2.c4 e6 3.g3 d5 4.d4 Be7 5.Bg2 O-O 6.O-O dxc4 7.Nc3 c5 8.dxc5 Qa5
9.Qd4 Nc6 10.Qxc4 e5 11.Be3 Ng4 12.Bd2 Qxc5 13.Qxc5 Bxc5 14.Rac1 Be6 15.Ng5 Rad8
16.Nxe6 fxe6 17.Be1 Nd4 18.h3 Nh6 19.Be4 Nhf5 20.e3 Nc6 21.Bxc6 bxc6 22.Ne4 Bb6
23.Bb4 Rf7 24.Rxc6 Rfd7 25.Rxe6 Rd5 26.Nc3 Rd3 27.Rxe5 g6 28.Ne4 Bc7 29.Re6 Kg7
30.Bc3+ Kh6 31.Nf6 Bxg3 32.fxg3 Nxg3 33.Rf3 Nf5 34.Ng4+ Kh5  1-0

[Event "Washington op"]
[Site "Washington"]
[Date "1990.??.??"]
[Round "?"]
[White "Gurevich, Dmitry"]
[Black "Shapiro, Daniel E"]
[Result "1-0"]
[WhiteElo "2470"]
[BlackElo "2315"]

1.d4 Nf6 2.c4 e6 3.g3 d5 4.Bg2 Be7 5.Nf3 O-O 6.O-O c6 7.Qc2 b6 8.Rd1 Bb7
9.b3 Qc7 10.cxd5 exd5 11.Nc3 Na6 12.a3 Rad8 13.Bf4 Bd6 14.Bg5 Qe7 15.Nh4 h6
16.Nf5 Qe6 17.Nxd6 Qxd6 18.Bf4 Qe7 19.b4 Nc7 20.Bxc7 Qxc7 21.Rac1 Qe7 22.Qa4 a6
23.Qc2 Rfe8 24.e3 Ne4 25.Na4 Qc7 26.Nb2 Qe7 27.Nd3 Nd6 28.Ne5 Rc8 29.Qb3 Qe6
30.a4 Kf8 31.h4 g5 32.hxg5 hxg5 33.a5 b5 34.Nd3 Kg7 35.Nc5 Qh6 36.Qd3 Re7
37.e4 dxe4 38.Nxe4 Nxe4 39.Bxe4 Rce8 40.Bg2 Qf6 41.Qf3 Qxf3 42.Bxf3 Re6 43.Rc5 Re1+
44.Rxe1 Rxe1+ 45.Kg2 Rb1 46.Rxg5+ Kf8 47.Rh5 Kg7 48.Rg5+ Kf8 49.Rc5 Rxb4
50.d5 Ra4 51.d6 Rxa5 52.d7 Ke7 53.Bg4 f6 54.Rh5 c5+ 55.Kh2 f5 56.Bxf5 Ra1
57.Rh7+  1-0

[Event "Zuerich op"]
[Site "Zuerich"]
[Date "1990.??.??"]
[Round "?"]
[White "Hausner, Ivan"]
[Black "Campora, Daniel H"]
[Result "1-0"]
[WhiteElo "2440"]
[BlackElo "2520"]

1.d4 Nf6 2.c4 e6 3.g3 d5 4.Nf3 Be7 5.Bg2 O-O 6.O-O c6 7.Qc2 Ne4 8.Nc3 f5
9.b3 Nd7 10.Bb2 Bd6 11.Rad1 Qf6 12.Nxe4 fxe4 13.Ne1 Qh6 14.Bc1 Qg6 15.f3 dxc4
16.bxc4 e5 17.e3 exf3 18.Qxg6 hxg6 19.Nxf3 exd4 20.exd4 Nf6 21.Ne5 Bf5 22.h3 Rad8
23.g4 Bc2 24.Rd2 Be4 25.Rb2 Ba3 26.Rxb7 Bxc1 27.Rxc1 Rxd4 28.Bxe4 Nxe4 29.Rf1 Rxf1+
30.Kxf1 g5 31.Rxa7 c5 32.Rd7 Nd6 33.Rd8+ Kh7 34.Ke2 Re4+ 35.Kd3 Rxe5 36.Rxd6 Re7
37.Rd5 Kg6 38.Rxc5 Ra7 39.Re5 Rxa2 40.Re3 Kf6 41.Kd4 Rd2+ 42.Kc5 Rd8 43.Kc6  1-0

[Event "Andorra op"]
[Site "Andorra"]
[Date "1991.??.??"]
[Round "?"]
[White "Kaidanov, Grigory S"]
[Black "Marciano, David"]
[Result "1-0"]
[WhiteElo "2540"]
[BlackElo "2310"]

1.d4 Nf6 2.c4 e6 3.g3 d5 4.Bg2 Be7 5.Nf3 O-O 6.O-O dxc4 7.Qc2 a6 8.a4 c5
9.dxc5 Nc6 10.Na3 Bxc5 11.Nxc4 Qe7 12.Bf4 Nb4 13.Qb3 b6 14.Rfd1 Nfd5 15.Bg5 f6
16.Bd2 Rb8 17.e4 Nc7 18.Nd4 Bd7 19.Bf4 Rfc8 20.Nd6 Rf8 21.N6f5 Qd8 22.Bxc7 Qxc7
23.Nxe6 Bxe6 24.Qxe6+ Qf7 25.Nxg7 Nc2 26.Rab1 Nd4 27.Qxf7+ Rxf7 28.Nh5 b5
29.e5 Re7 30.Nxf6+ Kg7 31.Re1  1-0

[Event "ARG-ch"]
[Site "?"]
[Date "1991.??.??"]
[Round "5"]
[White "Mellano, Santiago"]
[Black "Giaccio, Alfredo"]
[Result "1/2-1/2"]
[WhiteElo "2235"]
[BlackElo "2325"]

1.d4 Nf6 2.c4 e6 3.g3 d5 4.Bg2 Be7 5.Nf3 O-O 6.O-O dxc4 7.Qc2 a6 8.Nbd2 c5
9.dxc5 Bxc5 10.Nxc4 b5 11.Be3 Bxe3 12.Nxe3 Bb7 13.Ne5  1/2-1/2

[Event "AUT-ch"]
[Site "?"]
[Date "1991.??.??"]
[Round "?"]
[White "Hoelzl, Franz"]
[Black "Lendwai, Reinhard"]
[Result "0-1"]
[WhiteElo "2385"]
[BlackElo "2405"]

1.d4 Nf6 2.c4 e6 3.g3 d5 4.Bg2 Be7 5.Nf3 O-O 6.O-O c5 7.cxd5 exd5 8.Be3 c4
9.Ne5 Nc6 10.b3 cxb3 11.Qxb3 Na5 12.Qa4 a6 13.Bd2 Nc4 14.Nxc4 b5 15.Ba5 Qe8
16.Qc2 bxc4 17.Nc3 Be6 18.Rab1 Qd7 19.Qa4 Qxa4 20.Nxa4 Rab8 21.Bc7 Rxb1 22.Rxb1 Rc8
23.Ba5 h6 24.Nc3 Rc6 25.Rb8+ Kh7 26.e4 dxe4 27.d5 Rc8 28.Rb7 Bd7 29.Nxe4 Bd8
30.Nxf6+ gxf6 31.Bc3 Bf5 32.d6 Kg6 33.Kf1 Rc5 34.Ke2 Be6 35.Rb8 Ba5 36.Be4+ Kg7
37.Bxa5 Rxa5 38.Bc6 Rxa2+ 39.Ke1 Ra1+ 40.Kd2 c3+ 41.Kc2 Bf5+ 42.Kxc3 Rc1+  0-1

[Event "URS-chT"]
[Site "Azov"]
[Date "1991.??.??"]
[Round "?"]
[White "Budnikov, Alexandar"]
[Black "Shur, Mikhail"]
[Result "1/2-1/2"]
[WhiteElo "2525"]
[BlackElo "2345"]

1.d4 e6 2.c4 d5 3.Nf3 Nf6 4.g3 Be7 5.Bg2 O-O 6.O-O dxc4 7.Qc2 a6 8.Qxc4 b5
9.Qc2 Bb7 10.Bd2 Be4 11.Qc1 Bb7 12.Bf4 Bd6 13.Nbd2 Nbd7 14.Nb3 Bd5  1/2-1/2

[Event "Bad Ragaz op"]
[Site "Bad Ragaz"]
[Date "1991.??.??"]
[Round "6"]
[White "Priehoda, Vitezslav"]
[Black "Ambroz, Jan"]
[Result "1-0"]
[WhiteElo "2365"]
[BlackElo "2425"]

1.d4 Nf6 2.c4 e6 3.g3 d5 4.Nf3 Be7 5.Bg2 O-O 6.O-O c6 7.Nbd2 b6 8.Qc2 Bb7
9.b3 Na6 10.Bb2 Rc8 11.Rac1 c5 12.Rfd1 Qc7 13.dxc5 bxc5 14.cxd5 exd5 15.Be5 Qb6
16.Ng5 g6 17.Nh3 Rfd8 18.Ba1 Nb4 19.Qb2 d4 20.Nc4 Qa6 21.Bxb7 Qxb7 22.Nf4 Nbd5
23.Nxd5 Rxd5 24.e3 Rcd8 25.exd4 cxd4 26.Qe2 Bf8 27.Nb2 Qd7 28.Nd3 Bh6 29.Rc4 Qh3
30.Qf1 Qh5 31.Nb4 Ng4 32.h3 Nxf2 33.Nxd5 Qxd1 34.Qxd1 Nxd1 35.Rxd4 Kf8 36.Rxd1 Rc8
37.Bf6 Bg7 38.Bxg7+ Kxg7 39.Rd2 h5 40.Kf2 g5 41.Ne3 Rc3 42.Rc2 Rd3 43.Ke2 Rd7
44.Rc5 f6 45.Nf5+ Kg6 46.Ne3 Rd4 47.g4 hxg4 48.hxg4 Rd7 49.Rc8 Rh7  1-0

[Event "Wch Seniors"]
[Site "Bad Woerishofen"]
[Date "1991.??.??"]
[Round "5"]
[White "Krogius, Nikolai V"]
[Black "Sarapu, Ortvin"]
[Result "1/2-1/2"]
[WhiteElo "2515"]
[BlackElo "2350"]

1.d4 Nf6 2.c4 e6 3.Nf3 d5 4.g3 Be7 5.Bg2 O-O 6.O-O Nbd7 7.Qc2 c6 8.Nbd2 b6
9.e4 dxe4 10.Nxe4 Bb7 11.Rd1 Qc8 12.Nc3 Qc7 13.b3 Rad8 14.Bb2 Rfe8 15.Rd2 a6
16.Rad1 h6 17.h3 Bd6 18.Na4 c5  1/2-1/2

[Event "JUG-ch"]
[Site "Banja Vrucica"]
[Date "1991.??.??"]
[Round "?"]
[White "Kozul, Zdenko"]
[Black "Abramovic, Bosko"]
[Result "1/2-1/2"]
[WhiteElo "2580"]
[BlackElo "2520"]

1.d4 d5 2.c4 e6 3.Nf3 Nf6 4.g3 Be7 5.Bg2 O-O 6.O-O b6 7.Nc3 Bb7 8.cxd5 exd5
9.Qc2 Na6 10.Bg5 h6 11.Be3 Qc8 12.Rad1 c5 13.Nh4 Rd8 14.Nf5 Bf8 15.h3 Qe6
16.g4 Rac8 17.Qb1 Nc7 18.Bf4 Nce8 19.Rfe1 a6 20.a3 c4 21.Be5 b5 22.Ne3 Bd6
23.Qf5 Qxf5 24.Nxf5 Bf8 25.Ne3 Bc6 26.h4 b4 27.axb4 Bxb4 28.f3 a5 29.g5 hxg5
30.hxg5 Nd7 31.Bg3 Nb6 32.Ra1 a4 33.Rec1 Nc7 34.Bh3 Ne6 35.Nc2 Be7 36.g6 Bf6
37.Rd1 Bd7 38.gxf7+ Kxf7 39.Kg2 Rh8 40.Bg4 Ra8 41.Kf2 Ra7 42.e3 Be7 43.Rh1 Rxh1
44.Rxh1 Nd8 45.Bxd7 Rxd7 46.Ra1 Rb7 47.Ke2 Nc6 48.Kd1 Nb4 49.Nxb4 Bxb4 50.Ne2 Be7
51.Kc2 g5 52.Nc3 Bb4 53.Nb5 Kg6 54.Nc7 Be7 55.Bh2 Kf7 56.Be5 Kg6 57.Bg3 Kf7
58.Rh1 Kg6 59.Ra1 Kf7 60.Rh1 Kg6 61.Be5 Ra7 62.Rh8 a3 63.bxa3 Rxa3 64.Rg8+ Kf7
65.Rg7+ Kf8 66.e4 Ra2+ 67.Kb1 Re2 68.Ne6+ Ke8 69.Nc7+ Kf8 70.Ne6+ Ke8 71.Nc7+ Kf8
72.Ne6+  1/2-1/2